<?xml version="1.0" encoding="UTF-8"?>
<collection xmlns:xsi="http://www.w3.org/2001/XMLSchema-instance" xsi:schemaLocation="http://www.loc.gov/MARC21/slim http://www.loc.gov/standards/marcxml/schema/MARC21slim.xsd" xmlns="http://www.loc.gov/MARC21/slim">
 <record>
  <leader>00000caa a22000003a 4500</leader>
  <controlfield tag="001">UP-8027390931312519158</controlfield>
  <controlfield tag="003">Buklod</controlfield>
  <controlfield tag="005">20200408142446.0</controlfield>
  <controlfield tag="006">o--- |     ||   ||</controlfield>
  <controlfield tag="007">ta</controlfield>
  <controlfield tag="008">200408s        xx     d     r    |||| u|</controlfield>
  <datafield tag="022" ind1=" " ind2=" ">
   <subfield code="a">0033-2909.</subfield>
  </datafield>
  <datafield tag="035" ind1=" " ind2=" ">
   <subfield code="a">(iLib)UPCEB-00011919588</subfield>
  </datafield>
  <datafield tag="040" ind1=" " ind2=" ">
   <subfield code="a">Edz</subfield>
  </datafield>
  <datafield tag="100" ind1="1" ind2=" ">
   <subfield code="a">Stice, Eric</subfield>
  </datafield>
  <datafield tag="245" ind1="0" ind2="4">
   <subfield code="a">A Meta-Analytic Review of Obesity Prevention Programs for Children and Adolescents</subfield>
   <subfield code="b">The Skinny on Interventions That Work.  [article].</subfield>
  </datafield>
  <datafield tag="300" ind1=" " ind2=" ">
   <subfield code="a">pp.667-691.</subfield>
  </datafield>
  <datafield tag="520" ind1=" " ind2=" ">
   <subfield code="a">This meta-analytic review summarizes obesity prevention programs and their effects and investigates participant, intervention, delivery, and design features associated with larger effects. A literature search identified 64 prevention programs seeking to produce weight gain prevention effects, of which 21% produced significant prevention effects that were typically pre-to post effects. Larger effects emerged for program that targeted children and adolescents (vs. pre-adolescents) and females, programs that were relatively brief, program that solely targeted weight control versus other health behaviors (e. g.,smoking), programs evaluated in pilot trials, and programs wherein participants must have self-selected into the intervention. Other factors, including mandated improvements in diet and exercise, sedentary behavior reduction, delivery by trained interventionists, and parental involvement, were not associated with significantly larger effects. .  -- (from the author)</subfield>
  </datafield>
  <datafield tag="650" ind1="1" ind2="7">
   <subfield code="a">Obesity.</subfield>
  </datafield>
  <datafield tag="650" ind1="1" ind2="7">
   <subfield code="a">Prevention.</subfield>
  </datafield>
  <datafield tag="650" ind1="1" ind2="7">
   <subfield code="a">Meta-analysis.</subfield>
  </datafield>
  <datafield tag="650" ind1="1" ind2="7">
   <subfield code="a">Moderators.</subfield>
  </datafield>
  <datafield tag="773" ind1="0" ind2=" ">
   <subfield code="a">Psychological Bulletin.</subfield>
   <subfield code="g">vol. 132, 5  ( 2006).</subfield>
  </datafield>
  <datafield tag="942" ind1=" " ind2=" ">
   <subfield code="a">Analytics</subfield>
  </datafield>
 </record>
</collection>
